01013nam a2200277 a 450000100060000000300080000600500170001400800410003103500190007204000250009104100080011608200240012410000340014824500600018226000290024230000200027150400360029165000230032765000320035065000340038265000220041683001300043894200120056899900170058095201380059770445BD-RjUL20211209082012.0170417s1964 enk 001 0 eng d a(BD-RjUL)70659 aNZOCbengcNZOCdeng aeng 223a519.5bKID 19641 aKimura, Motoo,d1924-920855510aDiffusion models in population genetics /cMotoo Kimura aLondon :bMethuen,c1964 a56 p. ;c25 cm. aIncludes bibliography and index 0aStatistics9167423 0aPopulation genetics9218974 0aStochastic processes.9117665 0aGenetics.9208556 aMethuen's monographs on applied probability and statistics. Supplementary review series in applied probability ;vv.29218973 2ddccBK c70445d70445 00102ddc40718NFICaRUCLbRUCLcReadingd1967-01-19eEuro- pakg0.00l0o519.5 KID 1964r2017-04-17 00:00:00tC-1w2021-12-09yBK